Nguyễn Du

.

সংরক্ষণ করুন:
গ্রন্থ-পঞ্জীর বিবরন
প্রধান লেখক: Nguyễn Lộc
বিন্যাস: গ্রন্থ
ভাষা:Vietnamese
প্রকাশিত: Đà Nẵng Nxb 1985
সংস্করন:Lần thư nhất
বিষয়গুলি:
ট্যাগগুলো: ট্যাগ যুক্ত করুন
কোনো ট্যাগ নেই, প্রথমজন হিসাবে ট্যাগ করুন!
Thư viện lưu trữ: Mạng thư viện Đại học Đà Nẵng
LEADER 01003nam a2200337 4500
001 000004029
003 157
005 20121211001239.0
008 110714s1985 viesd
020 |c 13000 
041 0 |a vie 
082 |a 895.9221  |b NG-L 
100 0 |a Nguyễn Lộc 
245 0 |a Nguyễn Du  |c Nguyễn Lộc 
250 |a Lần thư nhất 
260 |a Đà Nẵng  |b Nxb  |c 1985 
300 |a 240tr  |c 19cm 
520 |a . 
653 |a Nguyễn Du 
700 |a Nguyễn Lộc 
910 |a Ngô Văn Đường  |a Ngô Văn 
OWN |a LSP 
AVA |a UDN50  |b LSP  |d 895.9221 NG-L  |e available  |t Error 5001 Not defined in file expand_doc_bib_avail.  |f 2  |g 1  |h N  |i 0  |k 1 
999 |a From the UDN01 
AVA |a UDN50  |b LSP  |d 895.9221 NG-L  |e available  |t Error 5001 Not defined in file expand_doc_bib_avail.  |f 2  |g 1  |h N  |i 0  |k 1 
TYP |a Monograph 
TYP |a Printed language 
980 |a Mạng thư viện Đại học Đà Nẵng